Piosenki zespołu Bracia Figo Fagot - nagła śmierć - Statystyki

Ogólne statystyki
  • Ten quiz został rozwiązany 37 razy
  • Średni wynik to 7 z 11
Answers on the Grid
Answers color-coded by a green-red scale on the quiz's grid according to % correct below.
Pisarz miłości
Adelajda
Lodziarka
Ooooo kończy się już noc
Koń na białym rycerzu
Piła tango
Karolino
Załoga G
Łabędź
Wóda zryje banię
Makumba
Wojownicy wódy
Wyglądasz idealnie
Bożenka
Otwieram wino
Hot Dog
Dla mnie masz stajla
Ona by tak chciała
Jagiełło
Janko, Janeczko
Mama ostrzegała
Heteromagnes
My słowianie
Elegancja Francja
 
Statystyki odpowiedzi
Odpowiedź % Poprawnych
Pisarz miłości
90%
Ooooo kończy się już noc
81%
Wóda zryje banię
77%
Janko, Janeczko
71%
Bożenka
65%
Wojownicy wódy
61%
Elegancja Francja
58%
Hot Dog
58%
Heteromagnes
55%
Karolino
55%
Jagiełło
35%
Nie znaleziono quizów pasujących do podanych kryteriów
Rozkład punktacji
Procent ludzi z każdym wynikiem
Percentyl według liczby udzielonych odpowiedzi
Twoja historia wyników
Nie rozwiązałeś tego quizu